|
|
|
|
| LEADER |
00000nam0a2200000 4500 |
| 001 |
62204 |
| 005 |
20231031063304.0 |
| 035 |
|
|
|a (RuTPU)RU\TPU\book\65937
|
| 090 |
|
|
|a 62204
|
| 100 |
|
|
|a 20040406d1908 k y0rusy50 ca
|
| 101 |
0 |
|
|a rus
|
| 102 |
|
|
|a RU
|
| 105 |
|
|
|a a z 100zy
|
| 200 |
1 |
|
|a XXY совещательный съезд инженеров службы пути русских железных дорог. 1907 г.
|e Протоколы заседаний и труды
|h Вып. 1
|
| 205 |
|
|
|a Вып. первый
|
| 210 |
|
|
|a Москва
|c Типо-литография I. И. Пашкова
|d 1908
|
| 215 |
|
|
|a 130 с.
|c ил.
|
| 300 |
|
|
|a Текст в русской дореформенной орфографии
|
| 610 |
1 |
|
|a железные дороги
|
| 610 |
1 |
|
|a железнодорожные пути
|
| 610 |
1 |
|
|a состояние
|
| 610 |
1 |
|
|a Россия
|
| 610 |
1 |
|
|a съезды
|
| 610 |
1 |
|
|a 20 век
|
| 610 |
1 |
|
|a Москва
|
| 675 |
|
|
|a 625.17
|v 3
|
| 686 |
|
|
|a Ч611.68
|v LBC/SL-A
|2 rubbk
|
| 712 |
1 |
2 |
|a XXY совещательный съезд инженеров службы пути русских железных дорог
|d 25
|e Москва
|f 1907
|
| 801 |
|
1 |
|a RU
|b 63413507
|c 20040406
|g PSBO
|
| 801 |
|
2 |
|a RU
|b 63413507
|c 20181121
|g PSBO
|
| 942 |
|
|
|c BK
|